Quizzes
Events
Quiz Creation
Community
Videos
Private Events
Remove Ads
Sign In
Join for FREE
Feedback
Dark Mode
Quiz Categories
Sports
Geography
Music
Movies
Television
Just For Fun
Miscellaneous
History
Literature
Language
Science
Gaming
Entertainment
Religion
Holiday
For Kids
Quiz Lab
Recent
Popular Today
Quiz Kudos Today
Editor Picks
Curator Picks
Quizzes by...
Day
Popularity
Type
Ratings
Length
Year
Community
Subscriptions
Recent Discussions
Orange Saloon
Badges
Playlists
Quests
Create
Leaderboards
Showdown
Live 5
Trivia Bingo
Activity
Puzzle Library
Sporcle Events
Private Events
Virtual Trivia
Globe League
Become a Host
Pub Owners
SporcleCon
Opinionation
Our Games
Videos
Blog
Mobile Apps
Partnerships
Remove Ads and Go Orange
Feedback
Music
Pop Music
The Beatles
Song
Album
Lyrics
Bands
Singers
Artist
Clip
Rock
Rap
Classical
Billboard
Country Music
Kpop
Taylor Swift
Music
Pop Music
The Beatles
Song
Album
Lyrics
Bands
Singers
Artist
Clip
Rock
Rap
Classical
Billboard
Country Music
Kpop
Taylor Swift
Random Quiz
Search Sporcle
×
Quiz Lab
Quiz Lab
Music
Rock
Type in answers that appear in a list
Type in answers that appear in a list
Classic
Best Score? Go Orange.
Albums Released April 2014 Stats
Can you name the albums that were released in April of 2014?
By
creed89
8m
48 Questions
12 Plays
12 Plays
12 Plays
Comments
Comments
Give Quiz Kudos
Give Quiz Kudos
-
- Ratings
hide this ad
Replay
Link that replays current quiz
Next Quiz
Link to next quiz in quiz playlist
You Got
0%
They Got
Avg Score
11%
Avg Friend Score
Upgrade to see
Score Distribution
Jump to the score distribution portion of the page
Score
0/48
Timer
08:00
0
Plays Today
Artist
Album
% Correct
Fairweather
Fairweather
41.7%
Iggy Azalea
The New Classic
33.3%
Rachele Lynae
Rachele Lynae
33.3%
Damon Albarn
Everyday Robots
25%
Chevelle
La Gárgola
16.7%
Lacuna Coil
Broken Crown Halo
16.7%
Mac DeMarco
Salad Days
16.7%
Paolo Nutini
Caustic Love
16.7%
Kelis
Food
16.7%
Drake Bell
Ready Steady Go!
16.7%
Pixies
Indie Cindy
16.7%
Wye Oak
Shriek
16.7%
Chiodos
Devil
8.3%
Christina Perri
Head or Heart
8.3%
Cloud Nothings
Here and Nowhere Else
8.3%
Manchester Orchestra
Cope
8.3%
Steel Panther
All You Can Eat
8.3%
The Used
Imaginary Enemy
8.3%
EMA
The Future's Void
8.3%
LostAlone
Shapes of Screams
8.3%
Black Label Society
Catacombs of the Black Vatican
8.3%
For the Fallen Dreams
Heavy Hearts
8.3%
James Durbin
Celebrate
8.3%
Jamie's Elsewhere
Rebel-Revive
8.3%
Artist
Album
% Correct
John Frusciante
Enclosure
8.3%
Joan Osborne
Love and Hate
8.3%
Off!
Wasted Years
8.3%
Chet Faker
Built on Glass
8.3%
Anubis Gate
Horizons
8.3%
Bobby Rush with Blinddog Smokin'
Decisions
8.3%
Breathe Carolina
Savages
8.3%
Emmure
Eternal Enemy
8.3%
Ingrid Michaelson
Lights Out
8.3%
Sevendust
Time Travelers & Bonfires
8.3%
Twiztid
Get Twiztid
8.3%
Sebastian Bach
Give 'Em Hell
8.3%
Green Day
Demolicious
8.3%
Eels
The Cautionary Tales of Mark Oliver Everett
8.3%
Future
Honest
8.3%
Justin Rutledge
Daredevils
8.3%
Keb' Mo'
Bluesamericana
8.3%
Neon Trees
Pop Psychology
8.3%
Insomnium
Shadows of the Dying Sun
8.3%
Miss May I
Rise of the Lion
8.3%
Brody Dalle
Diploid Love
8.3%
Eli 'Paperboy' Reed
Nights Like This
8.3%
Lindsey Stirling
Shatter Me
8.3%
Whitechapel
Our Endless War
8.3%
Quiz Playlist
Details
Report
Send in Message
Add To Playlist
Classic:
Type in answers that appear in a list
Last Updated: Feb 16, 2017
Quiz Scoreboard
CHALLENGE
Sign Up to Join the Scoreboard
Show All
Scores
Hide
Comments
May contain spoilers
Recently Published
An Introduction to Baseball
by treessimontrees
Sports
5m
Movies - When Are They Set?
by FPL_Elf
Movies
5m
Popular People in 1961
by mucciniale
History
6m
More to Explore
Quiz From the Vault
Featured Blog Post
Where Did the Easter Bunny Come From?
hide this ad
You Might Also Like...
Tags
Album Quiz
Artist Quiz
Bands Quiz
Rock Quiz
2014
April
electronic
Hip-Hop
indie
metal
record
Record Labels
Today's Top Quizzes in Music
Browse Music
hide this ad
Today's Top Quizzes in Rock
Browse Rock
Top Contributed Quizzes in Music
1
Taylor Swift All Songs (2024)
2
Guess the Artist- 70s Songs
3
KPOP LOGIC QUIZ
4
One Thing in Common: Music
5
2010s Album by Cover III
6
Guess the Taylor Swift song (Mystery Song)
7
Taylor Swift Logic Puzzle
8
2010s Album by Cover IV
9
2010s Album by Cover V
10
Kpop Logic Quiz
Explore More
Trending Topics
NBA
Marvel
Kpop
Anime
Harry Potter
Crossword
Disney
NFL
Puzzle
Country
Pokémon
Song
Soccer
The Office
WWE
hide this ad
More By:
creed89
Quiz
Plays
Rating
Category
Featured
Created
Things That Attract Sea Bears
25,193
4.30
Television
Aug 6, 2012
Nyan Cat Lyrics
896
4.22
Just For Fun
Jun 17, 2011
Campfire Song Song Lyrics
810
5.00
Television
Aug 6, 2012
Avenged Sevenfold: Nightmare Tracks
662
3.00
Music
Jun 8, 2011
Three Days Grace 'Painkiller' Lyrics
573
2.00
Music
Mar 31, 2014
Go to Creator's Profile
Score Distribution
Quiz Creator Spotlight
creed89
Follow
Send a Message
Quizzes Created
-
Created Quiz Play Count
-
More By This Creator
Popular Quizzes Today
1
Find the Countries of Europe - No Outlines Minefield
2
Find the US States - No Outlines Minefield
3
The Countries of the World
4
Popular People in 1961
5
US States
6
Find the US States
7
1-10 Letter E Words III
8
Risky Map Clicking: Biggest States A-Z
More Music Quizzes
8-Letter Albums Slideshow
Quiz Lab
Trending Quizzes
Risky Map Clicking: Least Populous States A-Z
1-10 Letter F Words
1-10 Letter G Words
Not Quite an Element Typing Challenge
One Thing in Common: United Kingdom
Recently Updated
Leaping Animals
pecheneg
Reality TV Shows (A-Z)
bhenderson79
Rickey Henderson's Hall of Fame Teammates
pecheneg
Champions League XIs: Arsenal
pecheneg
Quick Pick: Celebrities in WWE's Hall of Fame
aduchscher
A-Z Keypad Blitz II
pecheneg
Multiple Oscar Actors
pecheneg
Mystery Phrase Blitz: Oscar 'Best Actors'
pecheneg
F. Scott Fitzgerald Novels
LTH
Pick 3 Villains
ddd62291
Trending Topics
Disney
Harry Potter
Anime
Marvel
Kpop
NBA
Crossword
Song
Soccer
NFL
WWE
The Office
Country
Puzzle
Pokémon
Your Account Isn't Verified!
In order to create a playlist on Sporcle, you need to verify the email address you used during registration. Go to your
Sporcle Settings
to finish the process.
Report this User
Report this user for behavior that violates our
Community Guidelines
.
Details:
Send Report
Go to the Sporcle.com Mobile Site →
Comments